000 01601nam a2200409 i 4500
001 193335
003 SpMaBN
005 20250804062656.0
007 ta
008 231102s2019 sp | |||| 000 f spa
017 _aB 25866-2018
_bOficina Depósito Legal Barcelona
020 _a9788420431987
035 _a(OCoLC)1100240559
035 _aa6432196
040 _aSpMaBN
_bspa
_cSpMaBN
_erda
080 _a821.134.2(82)-31"19"
100 1 _aFernández Díaz, Jorge,
_d1960-
_0XX1521849
_9234486
_eaut
245 1 0 _aMamá /
_cJorge Fernández Díaz
250 _aPrimera edición: enero de 2019,
_bsegunda reimpresión: febrero de 2019
264 1 _a[Barcelona] :
_bAlfaguara,
_c2019
300 _a279 páginas ;
_c24 cm
336 _aTexto
_2rdacontent
337 _asin mediación
_2rdamedia
338 _avolumen
_2rdacarrier
490 1 _aNarrativa hispánica
500 _aÍndice
520 _aEl libro más aclamado del escritor argentino Jorge Fernández Díaz. Una historia de plena actualidad, un testimonio real, emocionante y poderoso sobre la emigración.
655 0 _aNovelas
_9234319
830 _9221234
_aNarrativa hispánica
852 _aEs-MaACL
_9200781
_bR.154769
_jN-9519
_cDEPOJ
_hDonación: José Lázaro García
_xEncuadernación rústica con solapas
903 _9234219
_aLázaro García, José
_ednr
942 _n0
_cMONOGRAFIA
999 _c193335
_d193335